Účtovníctvo podnikateľov v roku 2015 - zmeny v účtovných predpisoch

Novela zákona o účtovníctve č. 333/2014 - účinná od 1.1.2015. Nové veľkostné triedenie účtovných jednotiek (mikro účtovné jednotky, malé účtovné jednotky, veľké účtovné jednotky) je povinné.

Gespeichert in:
Bibliographische Detailangaben
1. Verfasser: Pastierik, Vladimír
Format: Buchkapitel
Sprache:Slowakisch
Schlagworte:
Tags: Tag hinzufügen
Keine Tags, Fügen Sie das erste Tag hinzu!

MARC

LEADER 00000naa a2200000 4500
001 0198763
005 20231114104034.4
041 0 |a slo 
044 |a SK 
245 1 0 |a Účtovníctvo podnikateľov v roku 2015 - zmeny v účtovných predpisoch  |c Vladimír Pastierik 
520 |a Novela zákona o účtovníctve č. 333/2014 - účinná od 1.1.2015. Nové veľkostné triedenie účtovných jednotiek (mikro účtovné jednotky, malé účtovné jednotky, veľké účtovné jednotky) je povinné. 
610 2 0 |a podnikatelia 
610 2 0 |a jednotka účtovná 
610 2 0 |a postupy účtovné 
610 2 0 |a závierka účtovná 
610 2 0 |a zákony 
610 2 0 |a novelizácia 
610 2 0 |a Slovensko 
610 2 0 |a 2015 
100 1 |a Pastierik, Vladimír